Statistics for 読み方が難しい地名 北海道道北編

Click here to take the quiz!

General Stats

  • This quiz has been taken 37 times
  • The average score is 5 of 11

Answer Stats

所在地の例字数問題解答欄% Correct
北海道美深町5紋穂内もんぽない
82%
北海道美深町3仁宇布にうぷ
79%
北海道中頓別町5敏音知ぴんねしり
71%
北海道美深町3辺渓ぺんけ
68%
北海道下川町3班渓ぱんけ
61%
北海道増毛町4信砂のぶしゃ
61%
北海道浜頓別町5仁達内にたちない
32%
北海道天塩町5作返さくかえし
25%
北海道東川町6勇駒別ゆこまんべつ
14%
北海道天塩町5男能富だんのっぷ
14%
北海道枝幸町3歌登「大奮」おふん
7%

Score Distribution

Percentile by Number Answered

Percent of People with Each Score

Your Score History

You have not taken this quiz